Curso de matématica elemental
Furkejuvvon:
| Váldodahkki: | |
|---|---|
| Materiálatiipa: | Girji |
| Giella: | espánnjágiella |
| Almmustuhtton: |
Santiago
Universitaria
1978
|
| Preanttus: | 6a. ed |
| Fáttát: | |
| Fáddágilkorat: |
Lasit fáddágilkoriid
Eai fáddágilkorat, Lasit vuosttaš fáddágilkora!
|
MARC
| LEADER | 00000nam a2200000 a 4500 | ||
|---|---|---|---|
| 001 | UCY9680 | ||
| 003 | CL-VaPUC | ||
| 008 | 950717e19780400CL |||||||||||||||||spa|d | ||
| 082 | 0 | 4 | |a 510 |b MER |2 21 |
| 100 | |a Mercado Schüler, Carlos |e autor |9 544273 | ||
| 245 | 1 | 0 | |a Curso de matématica elemental |
| 250 | |a 6a. ed | ||
| 300 | |a 298 p | ||
| 942 | |c BK | ||
| 945 | |d 19950717 00:00:00 |a lriquelm | ||
| 260 | |a Santiago |b Universitaria |c 1978 | ||
| 500 | |a v.1: Algebra | ||
| 500 | |a v.2: Logaritmos, vectores y escalares, cálculo diferencial, complejos, cálculo integral, trigonometría, geometría analítica | ||
| 500 | |a v.3-4: Geometría | ||
| 500 | |a v.5: Aritmética | ||
| 500 | |a v.6: Conjuntos | ||
| 500 | |a v.7: Matrices, determinantes, transformaciones puntuales y proyecciones | ||
| 500 | |a v.8: Análisis combinatorio y cálculo de probabilidades | ||
| 500 | |a v.9: Estadística descriptiva | ||
| 650 | 0 | |a Matemática |9 260235 | |
| 650 | 0 | |a Ecuaciones |9 260137 | |
| 650 | 0 | |a Álgebra |9 259567 | |
| 650 | 0 | |a Teoría de números |9 265327 | |
| 583 | |a last modification |c 19950717 00:00:00 |k Rodrigo Vera | ||
| 999 | |c 236731 |d 236729 | ||
| 952 | |0 0 |1 0 |4 0 |6 510_000000000000000_MER_1978 |7 0 |8 P |9 245006 |a BIBEDU |b BIBEDU |c BIBEDU_PB |d 2019-11-18 |h v.1 |i 1532839 |o 510 MER 1978 |p 1532839 |r 2024-01-25 |w 2019-11-18 |y BK |k EDU | ||